| 000 | 00722nam a22002537a 4500 | ||
|---|---|---|---|
| 001 | 0011710 | ||
| 003 | DO-SdBNP | ||
| 005 | 20180201094546.0 | ||
| 007 | 0011710 | ||
| 008 | 161102b 1978 sp||||| |||| 00| 0 spa d | ||
| 020 | _a8439983093 | ||
| 040 |
_aBPMSU _bspa _cBPMSU |
||
| 100 | 1 | _aM. Boberg, A. | |
| 245 | 1 | 0 |
_aMacramé / _cA. M. Boberg, E. Svennas ; traducción Lilian Rasmussen de Bengtsson |
| 260 |
_aBuenos Aires : _bKapelusz, _c1978. |
||
| 300 |
_a94 p. : _bil. ; _c22 cm. |
||
| 490 | 1 | _aCómo hacer | |
| 700 | 1 | _aSvennas, E. | |
| 700 | 1 | 2 |
_aRasmussen Bengtsson, Lilian de, _etr. |
| 830 | 0 | _aCómo hacer | |
| 942 |
_2ddc _cBK |
||
| 945 | _aInventariado, 2018 /LP | ||
| 956 |
_aBTAVÁREZ _b10 _c20161102 _d0011710 |
||
| 999 |
_c11761 _d11761 |
||